[Event "Vladimir Petrov Mem 2016"]
[Site "Jurmala LAT"]
[Date "2016.03.05"]
[Round "6.10"]
[White "Ivanchuk,V"]
[Black "Krivonosov,O"]
[Result "1/2-1/2"]
[WhiteElo "2710"]
[BlackElo "2462"]

1.e4 e5 2.f4 d5 3.exd5 exf4 4.Bb5+ c6 5.dxc6 Nxc6 6.d4 Nf6 7.Bxf4 Qa5+ 8.Nc3 Bb4
9.Bxc6+ bxc6 10.Ne2 O-O 11.O-O Bg4 12.Qd3 Bf5 13.Qc4 Bxc2 14.Rac1 Bg6 15.a3 Bxc3
16.Nxc3 Rac8 17.Rfe1 Qf5 18.Bd6 Rfd8 19.Bc5 Nd5 20.Re5 Qg4 21.h3 Qg3 22.Ne2 Qd3
23.Qxd3 Bxd3 24.Nc3 a6 25.Ree1 Nxc3 26.Rxc3 Bf5 27.Bb6 Rf8 28.Re5 Be6 29.Ra5 Bd5
30.Rxa6 Rfe8 31.Rc2 Re1+ 32.Kf2 Ra1 33.Ra7 Re8 34.Rd7 h5 35.Rd8 Rxd8 36.Bxd8 f6
37.Ba5 Kf7 38.Rd2 g5 39.Bb4 h4 40.Re2 Kg6 41.Re1 Rxe1 42.Bxe1 Kf5 43.Bb4 Ke6
44.a4 Bc4 45.a5 f5 46.Bd2 f4 47.Bb4 Kf5 48.Be7 Bb5 49.Ke1 Ba6 50.Kd2 Bf1
51.Kc3 Bxg2 52.a6 f3 53.a7 f2 54.a8=Q f1=Q 55.Qc8+ Ke4 56.Qxc6+ Kf5 57.Qc8+ Ke4
58.Qg4+ Kd5 59.Qxg5+ Ke6 60.Qe5+ Kd7 61.Qd6+ Kc8 62.Qc5+ Kd7 63.Bxh4 Qc1+
64.Kb3 Qxc5 65.dxc5 Bxh3 66.Ka4 Kc6 67.b4 Bf1  1/2-1/2

[Event "Vladimir Petrov Mem 2016"]
[Site "Jurmala LAT"]
[Date "2016.03.06"]
[Round "7.9"]
[White "Hracek,Z"]
[Black "Ivanchuk,V"]
[Result "1/2-1/2"]
[WhiteElo "2599"]
[BlackElo "2710"]

1.e4 e6 2.d4 d5 3.e5 c5 4.c3 Qb6 5.Nf3 Bd7 6.Be2 cxd4 7.cxd4 Bb5 8.O-O Bxe2
9.Qxe2 Nc6 10.Nc3 Nge7 11.Na4 Qa5 12.b3 Nf5 13.Bb2 Be7 14.Rac1 O-O 15.g4 Nh4
16.Nxh4 Bxh4 17.f4 Rfc8 18.Bc3 Qd8 19.Nc5 Be7 20.Nxb7 Qb6 21.Nd6 Bxd6 22.exd6 Rd8
23.Kg2 Rxd6 24.f5 exf5 25.Rxf5 Qb7 26.Qf3 Qd7 27.Re1 Rd8 28.h3 h6 29.Qd3 Rc8
30.Ref1 f6 31.Re1 Re6 32.Rff1 Rxe1 33.Rxe1 Kf7 34.Bd2 Rh8 35.Bf4 Nd8 36.Bg3 Ne6
37.Rc1 Re8 38.Qf5 Qb5 39.Qf1 Qd7 40.Qf5 Re7 41.Bf2 Qb7 42.Rc2 Ng5 43.Rc5 Rd7
44.h4 Ne4 45.Rc2 Re7 46.h5 a6 47.Rc8 Qd7 48.Qxd7 Rxd7 49.Rc6 Rd6 50.Rc7+ Kg8
51.Be1 Re6 52.Bb4 Ng5 53.Bc5  1/2-1/2

[Event "Vladimir Petrov Mem 2016"]
[Site "Jurmala LAT"]
[Date "2016.03.06"]
[Round "8.6"]
[White "Ivanchuk,V"]
[Black "Gleizerov,E"]
[Result "1-0"]
[WhiteElo "2710"]
[BlackElo "2508"]

1.d4 e6 2.g3 f5 3.Bg2 Nf6 4.Nf3 d5 5.c4 c6 6.Bf4 Be7 7.Qc2 O-O 8.O-O Ne4
9.Nc3 Nxc3 10.bxc3 Nd7 11.a4 Nb6 12.cxd5 cxd5 13.Rfb1 Nc4 14.Qb3 b6 15.Ne5 Nxe5
16.Bxe5 Ba6 17.Bf1 Bc4 18.Qd1 Qd7 19.Bf4 Rac8 20.Bc1 Rc7 21.Ba3 Rfc8 22.Bxe7 Qxe7
23.Qd2 Qd6 24.Rc1 h6 25.Bg2 Ba6 26.Bf1 Bc4 27.Kg2 Rc6 28.Kg1 Qc7 29.Qb2 a5
30.Ra3 Rb8 31.e3 b5 32.axb5 Rxb5 33.Qxb5 Bxb5 34.Bxb5 Rb6 35.Rxa5 Rb8 36.Rca1 Qxc3
37.Bd7 Rb6 38.Ra6 Rxa6 39.Rxa6 e5 40.dxe5 Qxe5 41.Ra4 Kf7 42.Bxf5 Qb8 43.Rd4 Qb3
44.Bg4 Kf6 45.Bf3 g5 46.h3 Kg7 47.Rxd5 Qa4 48.Kg2 Qb4 49.Rd4 Qc5 50.Rd7+ Kf8
51.Rb7 Qd6 52.Rb5 Kg7 53.Rf5 Qe6 54.Rb5 Kf8 55.Rc5 Qe7 56.Rf5+ Kg7 57.Bd5 Qd6
58.e4 Kg6 59.Bf7+ Kg7 60.Bh5 Qd4 61.Rf7+ Kg8 62.Re7 Kf8 63.Re6 Kg7 64.Bg4 Kf7
65.Bf5 h5 66.Rh6 Qd1 67.Bg6+ Ke7 68.Rh7+ Kf6 69.Bxh5 Qc2 70.Bf3 Kg6 71.Rd7  1-0

[Event "Vladimir Petrov Mem 2016"]
[Site "Jurmala LAT"]
[Date "2016.03.06"]
[Round "10.1"]
[White "Van Wely,L"]
[Black "Ivanchuk,V"]
[Result "1/2-1/2"]
[WhiteElo "2653"]
[BlackElo "2710"]

1.d4 d5 2.c4 c6 3.Nf3 Nf6 4.Qb3 Qb6 5.Nc3 Bf5 6.Qxb6 axb6 7.cxd5 Nxd5 8.Nxd5 cxd5
9.e3 Nc6 10.Bb5 Bd7 11.Bd2 e6 12.Ke2 Bd6 13.Rhc1 Ke7 14.a3 Rhc8 15.h3 f6
16.Bd3 h6 17.Rc2 Na5 18.Rxc8 Rxc8 19.Rc1 Rxc1 20.Bxc1 Nb3 21.Bd2 e5 22.Bc2 Nxd2
23.Nxd2 b5 24.b4 exd4 25.exd4 Bf4 26.h4 g5 27.g3 Bxd2 28.Kxd2 f5 29.Ke3 Kf6
30.Bd3 Be8 31.hxg5+ hxg5 32.Be2 Kg6 33.Bd1 Kf6 34.Bf3 Bf7 35.Bg2 Be6 36.Bf1 Bd7
37.Bd3 Ke7 38.Be2 Be8 39.f4 g4 40.Kd2 Kd6 41.Bd3 Bd7 42.Kc3 Kc7  1/2-1/2

[Event "Vladimir Petrov Mem 2016"]
[Site "Jurmala LAT"]
[Date "2016.03.06"]
[Round "11.2"]
[White "Ivanchuk,V"]
[Black "Vitiugov,N"]
[Result "1/2-1/2"]
[WhiteElo "2710"]
[BlackElo "2721"]

1.c4 c6 2.Nf3 d5 3.e3 Nf6 4.Nc3 Bg4 5.cxd5 Bxf3 6.Qxf3 cxd5 7.Bb5+ Nc6 8.Bxc6+ bxc6
9.b3 e6 10.Bb2 Be7 11.Rc1 O-O 12.O-O Qa5 13.Rc2 c5 14.d3 Qa6 15.Qe2 Nd7 16.Na4 Rfc8
17.Rfc1 Bf8 18.h4 h6 19.e4 d4 20.f4 Rab8 21.g3 Nb6 22.Nxc5 Bxc5 23.Rxc5 Rxc5
24.Rxc5 Qxa2 25.Qc2 Na4 26.Bxd4 Qxb3 27.Rc8+ Kh7 28.Kf2 a5 29.Ke2 Nb2 30.Rc7 Qb4
31.Be5 Kg8 32.Ra7 Qb3 33.Kd2 Qb4+ 34.Qc3 Rd8 35.Qxb4 Rxd3+ 36.Kc2 axb4 37.f5 Ra3
38.Rxa3 bxa3 39.fxe6 fxe6 40.Bxb2 axb2 41.Kxb2 Kf7 42.Kc3 Kf6 43.Kd4 h5 44.Kd3 Ke5
45.Ke3 g6 46.Kd3 Kd6 47.Kd4 e5+ 48.Kc4 Kc6 49.Kb4 Kb6  1/2-1/2

[Event "Vladimir Petrov Mem 2016"]
[Site "Jurmala LAT"]
[Date "2016.03.06"]
[Round "12.2"]
[White "Ivanchuk,V"]
[Black "Naiditsch,A"]
[Result "1-0"]
[WhiteElo "2710"]
[BlackElo "2673"]

1.c4 Nf6 2.Nc3 e5 3.g3 Bb4 4.Nf3 Bxc3 5.bxc3 e4 6.Nd4 O-O 7.Bg2 Nc6 8.O-O Re8
9.d3 exd3 10.exd3 Nxd4 11.cxd4 d5 12.Bf4 Bg4 13.Qb3 dxc4 14.dxc4 Be2 15.Rfc1 Qxd4
16.Be3 Qe5 17.Bf4 Qd4 18.h3 Bxc4 19.Qxb7 Bd5 20.Bxd5 Qxd5 21.Rxc7 Reb8 22.Qa6 Ne4
23.Re1 g5 24.Be3 Re8 25.Rxa7 Rad8 26.Qe2 Nc3 27.Qh5 Qf5 28.Qg4 Qg6 29.Rd7 h5
30.Rxd8 Rxd8 31.Qxg5 Qxg5 32.Bxg5 Ra8 33.Bd2 Nxa2 34.Re5 h4 35.g4 Rd8 36.Bg5 Rd1+
37.Kg2 Nb4 38.Bxh4 Nd3 39.Re3 Kg7 40.Bg3 Ne1+ 41.Kh2 Nd3 42.h4 Kg6 43.Rf3 f6
44.Kh3 Rh1+ 45.Kg2 Rd1 46.Rf5 Ne1+ 47.Kh3 Nd3 48.h5+ Kg7 49.Kg2 Ne1+ 50.Kh2 Rd4
51.Kh3 Nd3 52.Rb5 Rd7 53.Rb6 Nc5 54.Kg2 Rd4 55.Kf3 Rd3+ 56.Ke2 Rd7 57.f3 Re7+
58.Kf1 Re3 59.Kf2 Rc3 60.Bh4 f5 61.Bf6+  1-0

[Event "51st Capablanca Mem Elite"]
[Site "Varadero CUB"]
[Date "2016.06.09"]
[Round "1.1"]
[White "Ivanchuk,V"]
[Black "Kryvoruchko,Y"]
[Result "1/2-1/2"]
[WhiteElo "2710"]
[BlackElo "2682"]

1.d4 Nf6 2.c4 e6 3.Nc3 Bb4 4.e3 O-O 5.Bd3 d5 6.Nf3 b6 7.O-O Bb7 8.Bd2 dxc4
9.Bxc4 Nbd7 10.Qe2 c5 11.Rfd1 cxd4 12.Nxd4 Qe7 13.Ba6 Bxa6 14.Qxa6 Bd6 15.Rac1 Nc5
16.Qe2 Rac8 17.b4 Nce4 18.Nxe4 Nxe4 19.Be1 Qb7 20.Rxc8 Rxc8 21.f3 Nf6 22.Nxe6 Bxh2+
23.Kxh2 fxe6 24.e4 Nh5 25.Rd6 Qe7 26.Qd2 Qf6 27.Rd7 Qe5+ 28.Kg1 h6 29.Qd6 Qxd6
30.Rxd6 Rc1 31.Kf2 Ra1 32.Rd2 Nf4 33.Kg3 Nh5+ 34.Kh4 Rxe1 35.Kxh5 Kf7 36.Rd7+ Kf6
37.Rxa7 Re2 38.e5+ Rxe5+ 39.Kg4 Re2 40.Kg3 h5 41.a4 Ra2  1/2-1/2

[Event "51st Capablanca Mem Elite"]
[Site "Varadero CUB"]
[Date "2016.06.11"]
[Round "3.2"]
[White "Bruzon Batista,L"]
[Black "Ivanchuk,V"]
[Result "0-1"]
[WhiteElo "2681"]
[BlackElo "2710"]

1.e4 c5 2.Nf3 Nc6 3.d4 cxd4 4.Nxd4 Nf6 5.Nc3 d6 6.Bg5 e6 7.Qd2 a6 8.O-O-O h6
9.Be3 Qc7 10.f3 Rb8 11.Kb1 Be7 12.g4 Ne5 13.h4 b5 14.Bd3 Nfd7 15.g5 Nb6 16.Qg2 h5
17.g6 fxg6 18.Nce2 O-O 19.Rhg1 Bf6 20.Nf4 Nbc4 21.Bc1 Qf7 22.Be2 Bd7 23.Nxg6 Nxg6
24.Qxg6 Qxg6 25.Rxg6 Rbc8 26.c3 a5 27.Nc2 Bxh4 28.Rdg1 Bf6 29.Bg5 Ne5 30.Rxf6 gxf6
31.Bh6+ Kf7 32.Bxf8 Rxf8 33.f4 Ng4 34.Bxg4 hxg4 35.Rxg4 Rh8 36.b4 Rh1+ 37.Kb2 axb4
38.Nxb4 Re1 39.Rh4 Rxe4 40.Rh7+ Ke8 41.f5 exf5 42.Rh8+ Kf7 43.Rh7+ Ke6 44.Nc2 Be8
45.Nd4+ Ke5 46.Re7+ Kd5 47.Rb7 f4 48.Kc2 Re1 49.Rb8 Bg6+ 50.Kd2 Ra1 51.Rxb5+ Ke4
52.Rb7 Rxa2+ 53.Ke1 f3 54.Re7+ Kf4 55.Nxf3 Kxf3 56.Re6 Ra6 57.Rxf6+ Ke3  0-1

[Event "51st Capablanca Mem Elite"]
[Site "Varadero CUB"]
[Date "2016.06.12"]
[Round "4.1"]
[White "Ivanchuk,V"]
[Black "Cheparinov,I"]
[Result "1/2-1/2"]
[WhiteElo "2710"]
[BlackElo "2687"]

1.e4 e5 2.Nf3 Nc6 3.Bb5 Nf6 4.Nc3 Nd4 5.Bc4 Bc5 6.d3 d6 7.Na4 b5 8.Nxd4 bxc4
9.Nf5 Bxf5 10.exf5 cxd3 11.Nxc5 dxc5 12.Bg5 e4 13.cxd3 exd3 14.Bxf6 Qxf6
15.Qxd3 O-O 16.O-O Qxb2 17.Qc4 Qe5 18.Rac1 Qxf5  1/2-1/2

[Event "51st Capablanca Mem Elite"]
[Site "Varadero CUB"]
[Date "2016.06.15"]
[Round "6.3"]
[White "Kryvoruchko,Y"]
[Black "Ivanchuk,V"]
[Result "1/2-1/2"]
[WhiteElo "2682"]
[BlackElo "2710"]

1.e4 e6 2.d4 d5 3.Nc3 Nf6 4.e5 Nfd7 5.f4 c5 6.Nf3 Be7 7.Be3 b6 8.Qd2 O-O
9.h4 Nc6 10.h5 f6 11.exf6 Nxf6 12.Bb5 cxd4 13.Nxd4 Nxd4 14.Bxd4 Bd7 15.Qe2 Ne4
16.Bxd7 Qxd7 17.O-O Ng3 18.Qg4 Nf5 19.Ne2 Bc5 20.c3 Rf6 21.Rf2 Raf8 22.Re1 Qa4
23.Bxc5 bxc5 24.Ng3 Nxg3 25.Qxg3 Qxa2 26.f5 h6 27.fxe6 Rxf2 28.e7 Rf1+ 29.Rxf1 Rxf1+
30.Kxf1 Qb1+ 31.Kf2 Qc2+ 32.Kg1 Qd1+ 33.Kf2 Qd2+ 34.Kg1 Qd1+  1/2-1/2

[Event "51st Capablanca Mem Elite"]
[Site "Varadero CUB"]
[Date "2016.06.16"]
[Round "7.3"]
[White "Almasi,Z"]
[Black "Ivanchuk,V"]
[Result "1/2-1/2"]
[WhiteElo "2688"]
[BlackElo "2710"]

1.Nf3 Nf6 2.c4 g6 3.b3 Bg7 4.Bb2 c5 5.g3 b6 6.Bg2 Bb7 7.O-O O-O 8.Nc3 Ne4
9.Qc2 Nxc3 10.Bxc3 Bxc3 11.Qxc3 d6 12.d4 cxd4 13.Nxd4 Bxg2 14.Kxg2 a6 15.h4 h5
16.Qf3 Ra7 17.a4 Qc7 18.Rfd1 Rc8 19.Nc2 Nd7 20.Ne3 Qb7 21.Qxb7 Rxb7 22.Nd5 Kf8
23.Nc3 Rc6 24.e4 e6 25.Rab1 Ke7 26.Rb2 Rc8 27.Re1 Rg8 28.f4 Rc8 29.Re3 Rbc7
30.Kf3 Rc5  1/2-1/2

[Event "51st Capablanca Mem Elite"]
[Site "Varadero CUB"]
[Date "2016.06.17"]
[Round "8.2"]
[White "Ivanchuk,V"]
[Black "Bruzon Batista,L"]
[Result "1-0"]
[WhiteElo "2710"]
[BlackElo "2681"]

1.d4 d5 2.c4 e6 3.Nc3 Be7 4.cxd5 exd5 5.Bf4 c6 6.e3 Bf5 7.g4 Be6 8.h4 Nd7
9.h5 Nh6 10.Be2 Nb6 11.b3 Bb4 12.Rc1 f6 13.f3 Nf7 14.Bd3 Ng5 15.Kf2 O-O 16.Nge2 Rc8
17.Ng3 Re8 18.Nce2 Nd7 19.Nf5 Nf8 20.Bg3 Bf7 21.Bb1 Ba3 22.Rc3 Bb4 23.Rc2 Be6
24.Qd3 Bxf5 25.Qxf5 Bd6 26.Bh4 Rc7 27.Ng3 Rce7 28.Re2 Nf7 29.Qd3 Nh6 30.Bc2 a5
31.Qd2 Qc7 32.Rg1 Kh8 33.Qd3 Re6 34.Rh1 c5 35.Kg2 b5 36.dxc5 Qxc5 37.Nf1 d4
38.Bf2 Qc6 39.Qxd4 Bc5 40.Qf4 Bd6 41.Qd4 Bc5 42.Qf4 Re5 43.Bf5 Bd6 44.Rc2 Qa6
45.Qd4 Nxf5 46.gxf5 Rxf5 47.Bg3 Re6 48.h6 g6 49.e4 Rg5 50.Kf2 Nd7 51.Bxd6 Rxd6
52.Qe3 Ne5 53.Ng3 Kg8 54.Rd2 Rxd2+ 55.Qxd2 Nf7 56.Rc1 Qe6 57.Qxa5 Nxh6 58.Qd8+ Kg7
59.Rc8 Ng8 60.Ne2 Qe5  1-0

[Event "51st Capablanca Mem Elite"]
[Site "Varadero CUB"]
[Date "2016.06.18"]
[Round "9.2"]
[White "Cheparinov,I"]
[Black "Ivanchuk,V"]
[Result "1/2-1/2"]
[WhiteElo "2687"]
[BlackElo "2710"]

1.d4 Nf6 2.c4 g6 3.Nf3 Bg7 4.g3 c6 5.Bg2 d5 6.b3 b6 7.O-O Bb7 8.Bb2 O-O 9.Nbd2 Nbd7
10.Qc2 e6 11.e4 Nxe4 12.Nxe4 dxe4 13.Qxe4 Qc7 14.Qe2 Rad8 15.Rad1 c5 16.dxc5 Nxc5
17.Bxg7 Kxg7 18.Qb2+ f6 19.b4 Ne4 20.Nd4 Qxc4 21.Rfe1 e5 22.Bxe4 Bc8 23.Qa3 Rxd4
24.Rxd4 Qxd4 25.Qxa7+ Rf7 26.Qa3 Be6 27.b5 f5 28.Bc6 f4 29.gxf4 Rxf4 30.Qe3 Kf6
31.a3 h5 32.f3 g5 33.Qxd4 Rxd4 34.Kf2 Bf5 35.Re2 Ke6 36.Ra2 Rc4 37.Rd2 Rc2
38.Rxc2 Bxc2 39.Kg3 Bd1 40.Be4 g4 41.fxg4 Bxg4 42.h4 Kd6 43.Kf2 Kc5 44.Bc6 Kd4
45.a4 e4 46.a5 bxa5 47.b6 Bc8 48.b7 Bxb7 49.Bxb7 a4 50.Bc8 Kd3 51.Ke1 Ke3
52.Be6 a3 53.Ba2 Kf3 54.Bd5 Kg3 55.Ke2 Kxh4 56.Ke3 Kg3 57.Kxe4 h4 58.Ke5  1/2-1/2

[Event "7th Hainan Danzhou GM"]
[Site "Danzhou CHN"]
[Date "2016.07.09"]
[Round "2.2"]
[White "Ivanchuk,V"]
[Black "Harikrishna,P"]
[Result "1/2-1/2"]
[WhiteElo "2728"]
[BlackElo "2755"]

1.Nf3 Nf6 2.c4 e6 3.Nc3 b6 4.g3 Bb7 5.Bg2 Bb4 6.Qc2 O-O 7.O-O d5 8.cxd5 exd5
9.d4 Re8 10.Bf4 c6 11.a3 Bxc3 12.bxc3 Nbd7 13.Rfe1 h6 14.Nd2 Nh5 15.Be3 Nhf6
16.a4 Ng4 17.Nf1 Nxe3 18.Nxe3 Nf6 19.c4 Bc8 20.cxd5 cxd5 21.a5 Be6 22.Qa4 a6
23.axb6 Qxb6 24.Reb1 Qa7 25.Rc1 Rec8 26.h4 Rxc1+ 27.Rxc1 Qb6 28.Bf3 Rb8 29.Kg2 Qb4
30.Qxa6 Qxd4 31.Rd1 Qc5 32.Qd3 Re8 33.Kg1 Kf8 34.Rd2 Qa5 35.Qd4 Rc8 36.Kg2 Qc3
37.Rd3 Qxd4 38.Rxd4 Rc5 39.Rf4 Ke7 40.Nf5+ Bxf5 41.Rxf5 Ke6 42.Rf4 Rc4 43.e3 Ke5
44.Be2 Rxf4 45.gxf4+ Ke4 46.Bb5 d4 47.Bc6+ Kd3 48.Kf3 Kc3 49.exd4 Kxd4 50.Ba4 Ne4
51.Bc2 Nc5 52.Bh7 Kd5 53.Ke3 Ke6 54.Bc2 Nb7 55.Bb3+ Kf6 56.Kf3 Nd6 57.Kg4 Ne4
58.Bc2 Nc3 59.Kf3 Nb5 60.Kg4 Nd4 61.Bd3 Ke7 62.Kg3 Kf6 63.Kg4 Ne6 64.Kf3 g6
65.Kg4 Ng7 66.Bc4 h5+ 67.Kh3 Nf5 68.Ba2 Ke7 69.Bb3 Nd4 70.Bc4 Kf6 71.Kg3 Nf5+
72.Kh3 Nd6 73.Bd5 Nb5 74.Kg3 Nc3 75.Bc4 Ne4+ 76.Kg2 Nd6 77.Bd5 Ke7 78.Kh3 Nf5
79.Bc4 Nh6 80.Kg3 Kd6 81.Kf3 Kc5 82.Ba2 Kd4 83.Bb3 Kc3 84.Ba2 Kd4 85.Bb3 f6
86.Bc2 Nf5 87.Bxf5 gxf5 88.Ke2 Ke4 89.f3+ Kxf4 90.Kf2 Ke5 91.Ke3 Kd5 92.Kf4 Ke6
93.Ke3 Ke5  1/2-1/2

[Event "7th Hainan Danzhou GM"]
[Site "Danzhou CHN"]
[Date "2016.07.11"]
[Round "4.1"]
[White "Hou Yifan"]
[Black "Ivanchuk,V"]
[Result "1/2-1/2"]
[WhiteElo "2653"]
[BlackElo "2728"]

1.e4 c5 2.Nf3 Nc6 3.Bb5 e6 4.O-O Nge7 5.d4 cxd4 6.Nxd4 Ng6 7.Be3 Qc7 8.Be2 Nxd4
9.Bxd4 Bd6 10.g3 O-O 11.c4 b6 12.Nc3 Be7 13.Rc1 Bb7 14.Bf3 Qxc4 15.Nd5 Qxa2
16.Ra1 Qc4 17.Rc1 Qa2 18.Ra1  1/2-1/2

[Event "7th Hainan Danzhou GM"]
[Site "Danzhou CHN"]
[Date "2016.07.13"]
[Round "6.2"]
[White "Yu Yangyi"]
[Black "Ivanchuk,V"]
[Result "1/2-1/2"]
[WhiteElo "2734"]
[BlackElo "2728"]

1.e4 c5 2.Nf3 Nc6 3.d4 cxd4 4.Nxd4 g6 5.Nc3 Bg7 6.Be3 Nf6 7.Bc4 Qa5 8.O-O O-O
9.Bb3 d6 10.h3 Bd7 11.Re1 Rac8 12.Nf3 Rfd8 13.Nd5 Nxe4 14.Ng5 Nxg5 15.Bxg5 e6
16.Nf6+ Kh8 17.Ne4 Be8 18.Bxd8 Rxd8 19.Rb1 d5 20.Nd2 e5 21.Nf1 e4 22.Ne3 f5
23.Bxd5 f4 24.Nc4 Qxd5 25.Qxd5 Rxd5 26.Rxe4 Bf7 27.Rxf4 Rd7 28.Re1 Bxc4 29.Rxc4 Bxb2
30.g3 Bd4 31.Kg2 Bb6 32.Re2 Kg7 33.h4 h5 34.a4 Rd5 35.Rf4 Bc5 36.Rfe4 a5
37.Re8 b6 38.Rc8 Ne5 39.Re4 Kf6 40.Rf4+ Ke6 41.Re4 Bd6 42.f4 Rd2+ 43.Kf1 Kf5
44.fxe5 Kxe4 45.exd6 Rxd6 46.Ke2 Ke5  1/2-1/2

[Event "7th Hainan Danzhou GM"]
[Site "Danzhou CHN"]
[Date "2016.07.16"]
[Round "8.3"]
[White "Leko,P"]
[Black "Ivanchuk,V"]
[Result "1/2-1/2"]
[WhiteElo "2712"]
[BlackElo "2728"]

1.e4 c5 2.Nf3 d6 3.d4 cxd4 4.Nxd4 Nf6 5.Nc3 Nc6 6.Bg5 e6 7.Qd2 a6 8.O-O-O Be7
9.f4 Nxd4 10.Qxd4 b5 11.Bxf6 gxf6 12.e5 d5 13.f5 O-O 14.g4 b4 15.Ne2 Bd7
16.Ng3 fxe5 17.Qxe5 Bf6 18.Qe1 Re8 19.Qf2 Bh8 20.Nh5 Qg5+ 21.Kb1 exf5 22.Bg2 Rad8
23.Bxd5 Bb5 24.Qxf5 Qxf5 25.gxf5 Be2 26.Rdg1+ Kf8 27.Nf4 Bb5 28.Rg4 h5 29.Rh4 Re5
30.Rxh5 Bf6 31.Bf3 Rd4 32.Nd3 Bxd3 33.cxd3 Rxd3 34.Bd1 Rd2 35.Rh6 Kg7 36.Rh3 Rc5
37.Rb3 a5 38.Rg1+ Kf8 39.a3 Rc4 40.a4 Rxh2 41.Rgg3 Rch4 42.Rgd3 Rh1 43.Rd6 Ke7
44.Rd2 Bg5 45.Rd5 R4h2 46.Ka2 Bf6 47.Bf3 Rf1 48.Re3+ Kf8 49.Kb3 Rxb2+ 50.Kc4 b3
51.Rd7 Bg5 52.f6 Bxf6 53.Bd5 Rf4+ 54.Kb5 Bh4 55.Kxa5 Bf2 56.Ree7 Bc5 57.Rxf7+ Rxf7
58.Rxf7+ Ke8 59.Rf3 Kd7 60.Kb5 Kd6 61.Bxb3 Bd4 62.a5 Ke5 63.Rh3 Rf2 64.Kc6 Rf6+
65.Kb7 Rd6 66.Rh5+ Kf4 67.Ba4 Rg6 68.Bd7 Rg7 69.Kc7 Be5+ 70.Kc6 Rg6+ 71.Kb5 Rg7
72.Bc6 Rg5 73.Rh4+ Kg3 74.Ra4 Bc3+ 75.Kb6 Bxa5+ 76.Rxa5 Rxa5 77.Kxa5  1/2-1/2

[Event "7th Hainan Danzhou GM"]
[Site "Danzhou CHN"]
[Date "2016.07.17"]
[Round "9.3"]
[White "Ivanchuk,V"]
[Black "Nepomniachtchi,I"]
[Result "1/2-1/2"]
[WhiteElo "2728"]
[BlackElo "2725"]

1.c4 c5 2.g3 g6 3.Bg2 Bg7 4.e3 e6 5.d4 cxd4 6.exd4 Ne7 7.d5 exd5 8.cxd5 d6
9.Nc3 O-O 10.Nge2 Nd7 11.O-O Ne5 12.h3 Bf5 13.g4 Bd7 14.Nf4 Nc8 15.Re1 Re8
16.Rb1 h6 17.Bd2 Nc4 18.Rxe8+ Qxe8 19.Bc1 N8b6 20.Ne4 f5 21.gxf5 Bxf5 22.Ne6 Bxe6
23.dxe6 Qxe6 24.b3 d5 25.bxc4 dxe4 26.c5 Nd5 27.Rxb7 Rf8 28.Qb3 Qf5 29.Kh1 Rd8
30.Qc2 Nf4 31.Bb2 Bxb2 32.Qxb2 Rd1+ 33.Kh2 Ne6 34.Rb8+ Kf7 35.Rb7+ Kg8  1/2-1/2

[Event "TCh-TUR Super League 2016"]
[Site "Izmir TUR"]
[Date "2016.07.26"]
[Round "2.3"]
[White "Ivanchuk,V"]
[Black "Mamedov,Nid"]
[Result "1-0"]
[WhiteElo "2728"]
[BlackElo "2588"]

1.e4 e6 2.d4 d5 3.exd5 exd5 4.Nf3 Bd6 5.c4 dxc4 6.Bxc4 Nf6 7.Qe2+ Qe7 8.Qxe7+ Kxe7
9.O-O Be6 10.Re1 Kd7 11.Ne5+ Bxe5 12.dxe5 Bxc4 13.exf6 gxf6 14.Nc3 Nc6 15.b3 Be6
16.Ne4 Rad8 17.Bb2 Ne7 18.Nc5+ Kc8 19.Nxe6 fxe6 20.Bxf6 Rhe8 21.Rxe6 Nd5
22.Rxe8 Rxe8 23.Bg5 Re2 24.Kf1 Rb2 25.Rd1 c6 26.Rd2 Rb1+ 27.Ke2 a5 28.Kf3 b5
29.h4 Kd7 30.Kg4 a4 31.bxa4 bxa4 32.Kh5 Kd6 33.Rd4 Rb2 34.Rxa4 Rxf2 35.g4 Rf7
36.Kh6 c5 37.h5 Nc3 38.Rc4 Nd5 39.Bc1 Ra7 40.a3 Rf7 41.a4 Nb4 42.Rf4 Ra7
43.Rf6+ Kd5 44.Rf5+ Kd4 45.Bb2+ Kc4 46.Bg7 Nc2 47.Kxh7 Ne3 48.Kg6  1-0

[Event "TCh-TUR Super League 2016"]
[Site "Izmir TUR"]
[Date "2016.07.28"]
[Round "4.6"]
[White "Ivanchuk,V"]
[Black "Can,E"]
[Result "1/2-1/2"]
[WhiteElo "2728"]
[BlackElo "2571"]

1.e4 d6 2.f4 d5 3.exd5 Nf6 4.Nf3 Nxd5 5.d4 e6 6.Be2 c5 7.c4 Nf6 8.Nc3 cxd4
9.Qxd4 Bd7 10.a3 Nc6 11.Qd3 Be7 12.Be3 O-O 13.O-O Qb8 14.Rad1 Rd8 15.Qc2 Be8
16.h3 Rxd1 17.Rxd1 b6 18.b4 Qb7 19.f5 Rd8 20.fxe6 Rxd1+ 21.Qxd1 fxe6 22.Bd3 Qb8
23.Be2 Nh5 24.Qd2 Ne5 25.Bd4 Nc6 26.Bf2 Bd6 27.Ne4 Bf4 28.Qd3 Bg6 29.Qd7 Qe8
30.Qxe8+ Bxe8 31.c5 bxc5 32.Bxc5 Bg6 33.Neg5 Bc1 34.b5 Na5 35.Nxe6 Ng3 36.Bd1 Ne4
37.Bxa7 Nc3 38.Ne5 Nxd1 39.Nxg6 hxg6 40.Bc5 Nc3 41.Bb4 Nxb5 42.Bxa5 Bxa3
43.Kf2 Be7 44.Nf4 Kf7 45.Nd3 Bf6 46.Bd2 Nd6 47.Kf3 Nf5 48.g3 Nd4+ 49.Ke4 Nf5
50.Bf4 Ke6 51.Nc5+ Kf7 52.g4 Ne7 53.Bg3 Bc3 54.Bf2 Bf6 55.Nd3 Ke6 56.Nf4+ Kf7
57.Bc5 Ng8 58.Nd3 Ke6 59.Bb4 Bg5 60.Bc3 Bf6 61.Be1 Ne7 62.Nf4+ Kf7 63.Bf2 Bg5
64.Nd3 Bf6 65.Bg1 Ke6 66.Nf4+ Kf7 67.Bc5 Ng8 68.Be3  1/2-1/2

[Event "TCh-TUR Super League 2016"]
[Site "Izmir TUR"]
[Date "2016.07.29"]
[Round "5.7"]
[White "Sadzikowski,D"]
[Black "Ivanchuk,V"]
[Result "1-0"]
[WhiteElo "2551"]
[BlackElo "2728"]

1.e4 c5 2.Nf3 d6 3.d4 cxd4 4.Nxd4 Nf6 5.Nc3 Nc6 6.Bg5 e6 7.Qd2 a6 8.O-O-O h6
9.Bf4 Bd7 10.Nxc6 Bxc6 11.f3 d5 12.Qe1 Bb4 13.a3 Ba5 14.b4 Bb6 15.exd5 Bxd5
16.Be5 O-O 17.Qh4 Be3+ 18.Kb2 Bg5 19.Qd4 Bc6 20.a4 Qxd4 21.Bxd4 Rfc8 22.Kb3 Nd7
23.a5 Rc7 24.Ne4 Bxe4 25.fxe4 Bf6 26.c4 Bxd4 27.Rxd4 Kf8 28.Be2 Ke7 29.Rhd1 Rac8
30.c5 Ne5 31.Rd6 h5 32.Bxa6 bxa6 33.Rxa6 Nd7 34.Ka4 Nf6 35.Rd4 e5 36.Rc4 Rd7
37.Rd6 Rcd8 38.Rxd7+ Kxd7 39.b5 Kc8 40.c6 Rd1 41.b6 Ne8 42.Rc5 Nd6 43.Rd5 Ra1+
44.Kb3 Nxe4 45.Rxe5 Nf6 46.Kb4 Ra2 47.Kb5 Rxg2 48.Re7 Rg5+ 49.Ka6 Rc5 50.c7  1-0

[Event "TCh-TUR Super League 2016"]
[Site "Izmir TUR"]
[Date "2016.07.29"]
[Round "6.2"]
[White "Zhigalko,S"]
[Black "Ivanchuk,V"]
[Result "1-0"]
[WhiteElo "2653"]
[BlackElo "2728"]

1.e4 c5 2.Nf3 e6 3.c3 d5 4.exd5 exd5 5.d4 Nc6 6.Bb5 Bd6 7.O-O Ne7 8.dxc5 Bxc5
9.Nbd2 a6 10.Nb3 Bd6 11.Bxc6+ bxc6 12.Qd4 O-O 13.Bf4 Nf5 14.Qa4 Rb8 15.Rad1 Qc7
16.Bxd6 Nxd6 17.Qf4 Be6 18.Rfe1 c5 19.Ng5 Rfe8 20.c4 dxc4 21.Nxe6 Rxe6 22.Rxe6 fxe6
23.Nd2 Rd8 24.Nf1 Qf7 25.Qe3 Qf5 26.Ng3 Qf6 27.Qxc5 Nb5 28.Rxd8+ Qxd8 29.Qxc4 Qd1+
30.Qf1 Qc2 31.h3 Qxb2 32.Qc4 Kf7 33.a4 Nc3 34.Qc7+ Kg6 35.Qe5 Kf7 36.Qc7+ Kg6
37.Qe5 Kf7 38.Kh2 Qb4 39.Nh5 Ke7 40.Qc7+  1-0

[Event "TCh-TUR Super League 2016"]
[Site "Izmir TUR"]
[Date "2016.07.31"]
[Round "8.2"]
[White "Savchenko,B"]
[Black "Ivanchuk,V"]
[Result "0-1"]
[WhiteElo "2633"]
[BlackElo "2728"]

1.e4 e5 2.Nf3 Nc6 3.Bb5 a6 4.Ba4 Nf6 5.O-O Be7 6.d3 d6 7.c3 O-O 8.Bc2 d5
9.Nbd2 Re8 10.a4 Bf8 11.a5 b5 12.axb6 cxb6 13.exd5 Nxd5 14.Re1 Bb7 15.Bb3 Re7
16.Nc4 Qc7 17.Ne3 Nf6 18.Ng5 Rd8 19.Qe2 Na5 20.Ba2 h6 21.b4 hxg5 22.bxa5 b5
23.Nf5 Red7 24.Bxg5 Qc6 25.f3 Rxd3 26.Qxe5 Rxf3 27.gxf3 Qxf3 28.Bxf7+ Kh8
29.Nh4 Bc5+ 30.Be3 Qh1+ 31.Kf2 Rd2+ 32.Re2 Ne4+  0-1

[Event "TCh-TUR Super League 2016"]
[Site "Izmir TUR"]
[Date "2016.08.03"]
[Round "10.1"]
[White "Cheparinov,I"]
[Black "Ivanchuk,V"]
[Result "1/2-1/2"]
[WhiteElo "2688"]
[BlackElo "2728"]

1.Nf3 d5 2.d4 Nf6 3.c4 dxc4 4.e3 e6 5.Bxc4 c5 6.O-O a6 7.Nc3 b5 8.Be2 Ra7
9.dxc5 Qxd1 10.Rxd1 Bxc5 11.Nd2 Be7 12.Nb3 Bd7 13.a3 Bc6 14.f3 O-O 15.e4 Nbd7
16.Be3 Rc7 17.Rac1 Rfc8 18.Na2 Bb7 19.Rxc7 Rxc7 20.Nb4 Kf8 21.Na5 Bc8 22.Nbc6 Bc5
23.Kf2 Ne8 24.Rd2 f6 25.f4 Nd6 26.Kf3 Nb7 27.Bxc5+ Ndxc5 28.Ke3 Nd7 29.Nd4 Nd8
30.h4 Ke7 31.g4 h6 32.h5 Nb6 33.Rc2 Rxc2  1/2-1/2

[Event "TCh-TUR Super League 2016"]
[Site "Izmir TUR"]
[Date "2016.08.03"]
[Round "11.3"]
[White "Ivanchuk,V"]
[Black "Kuzubov,Y"]
[Result "1-0"]
[WhiteElo "2728"]
[BlackElo "2635"]

1.e4 d6 2.d4 Nf6 3.f3 e5 4.d5 Be7 5.c4 O-O 6.Nc3 c6 7.Be3 a6 8.Rc1 Qa5 9.a3 Nbd7
10.Bd3 cxd5 11.cxd5 b5 12.Qd2 Bb7 13.Nge2 Rfc8 14.O-O Qd8 15.g3 Qe8 16.b4 Qd8
17.a4 bxa4 18.Nxa4 Ne8 19.Nb2 Rxc1 20.Rxc1 a5 21.b5 Nc5 22.Bc2 Bc8 23.Nc4 Bd7
24.Rb1 Nc7 25.Bxc5 Bxb5 26.Nb6 dxc5  1-0

[Event "TCh-TUR Super League 2016"]
[Site "Izmir TUR"]
[Date "2016.08.04"]
[Round "12.3"]
[White "Rakhmanov,Ale"]
[Black "Ivanchuk,V"]
[Result "1-0"]
[WhiteElo "2653"]
[BlackElo "2728"]

1.d4 d5 2.Bf4 c6 3.e3 Qb6 4.Qc1 Bg4 5.h3 Bh5 6.c4 e6 7.cxd5 exd5 8.Nc3 Nd7
9.Nge2 Bg6 10.Ng3 Ne7 11.Be2 Nf5 12.Nxf5 Bxf5 13.Bg4 Bg6 14.Bxd7+ Kxd7 15.O-O Rd8
16.e4 dxe4 17.d5 c5 18.d6 Bxd6 19.Rd1 Ke6 20.Nxe4 Bxf4 21.Qxf4 Bxe4 22.Qxe4+ Kf6
23.Qf4+ Kg6 24.h4 f6 25.h5+ Kf7 26.Qc4+ Qe6 27.Qxc5 b6 28.Qc7+ Qe7 29.Qc4+ Qe6
30.Qc7+ Qe7 31.Qc4+ Qe6 32.Qa4 Qe7 33.Re1 Qd7 34.Qb3+ Qd5 35.Rac1  1-0

[Event "25th TCh-CRO Div 1a 2016"]
[Site "Sibenik CRO"]
[Date "2016.10.08"]
[Round "1.4"]
[White "Ivanchuk,V"]
[Black "Cheparinov,I"]
[Result "1/2-1/2"]
[WhiteElo "2722"]
[BlackElo "2677"]

1.c4 e6 2.Nc3 Nf6 3.Nf3 d5 4.d4 Bb4 5.e3 O-O 6.Bd3 c5 7.O-O b6 8.dxc5 dxc4
9.Bxc4 Qxd1 10.Rxd1 Bxc5 11.b3 Bb7 12.Bb2 Nc6 13.Kf1 Rfd8 14.Ke2 Be7 15.Rxd8+ Rxd8
16.Rd1 Rxd1 17.Nxd1 Kf8 18.Nc3 h6 19.h3 Nd7 20.Ne4 Nb4 21.Nc3 Nc6 22.Bb5 Nc5
23.Kd2 Nb4 24.Bf1 Nd5 25.Kc2 Nxc3 26.Bxc3 Be4+ 27.Kd1 Nd3 28.Bxd3 Bxd3 29.Ne5 Be4
30.f3 Bb7 31.Nd3 Ba6 32.Kd2 f6 33.e4 e5 34.Ke3 Kf7 35.h4 h5 36.Bb4 Bxd3 37.Bxe7 Bf1
38.Bd6 Bxg2 39.Bb8 a6 40.Bc7 b5 41.f4 exf4+ 42.Kxf4 Ke6 43.b4 Bh1  1/2-1/2